00386nam a22001457a 4500003001400000005001700014008004100031020001800072040000800090050002200098100002700120245003300147260004900180300001100229UNINSURGENTES20241024185834.0241024e2011 mx ||||g |||| 00| 0 spa d a9788466646420 cUIN04aPQ6703.A3988bC161 aCalvera, Carloseautor13aEl Reversoc/ Carlos Calvera aBarcelona (España)b: ediciones Bc, 2011. a362 p.